|
|
|
|
| LEADER |
00000nam0a2200000 4500 |
| 001 |
230685 |
| 005 |
20231101231024.0 |
| 035 |
|
|
|a (RuTPU)RU\TPU\book\251600
|
| 090 |
|
|
|a 230685
|
| 100 |
|
|
|a 20130124d1936 k y0rusy50 ca
|
| 101 |
0 |
|
|a rus
|
| 102 |
|
|
|a RU
|
| 105 |
|
|
|a a z 000zy
|
| 200 |
1 |
|
|a Чиатурское марганцовое месторождение и его промышленная характеристика
|f А. Г. Бетехтин
|g Главное геолого-гидро-геодезическое управление (ГГГГУ); Центральный научно-исследовательский геологоразведочный институт (ЦНИГРИ)
|
| 210 |
|
|
|a Москва
|a Ленинград
|c ОНТИ
|d 1936
|
| 215 |
|
|
|a 48 с.
|c ил.
|e карты
|
| 225 |
1 |
|
|a Труды Центрального научно-исследовательского геолого-разведочного института (ЦНИГРИ)
|v Вып. 60
|
| 316 |
|
|
|5 63413507: 179933
|a С автографом автора
|
| 317 |
|
|
|5 63413507: КР-414
|a Поступила в НТБ в 2004 г. в составе книжного собрания профессора ТПИ К. В. Радугина
|
| 317 |
|
|
|5 63413507: 179933
|a Поступила в НТБ в 1940 г. в составе книжного собрания академика М. А. Усова.
|
| 606 |
1 |
|
|a Марганцевые месторождения
|2 stltpush
|3 (RuTPU)RU\TPU\subj\72106
|9 85693
|
| 610 |
1 |
|
|a марганцевые месторождения
|
| 610 |
1 |
|
|a Чиатурское месторождение
|
| 610 |
1 |
|
|a характеристика
|
| 610 |
1 |
|
|a местоположение
|
| 610 |
1 |
|
|a орография
|
| 610 |
1 |
|
|a генезис
|
| 610 |
1 |
|
|a залегание
|
| 610 |
1 |
|
|a марганценосные толщи
|
| 610 |
1 |
|
|a вещественный состав
|
| 610 |
1 |
|
|a удельный вес
|
| 610 |
1 |
|
|a опробование
|
| 610 |
1 |
|
|a руды
|
| 610 |
1 |
|
|a запасы
|
| 610 |
1 |
|
|a библиотека К. В. Радугина
|
| 610 |
1 |
|
|a дарственная надпись
|
| 610 |
1 |
|
|a дары автора
|
| 610 |
1 |
|
|a библиотека М. А. Усова
|
| 675 |
|
|
|a 553.32
|v 3
|
| 700 |
|
1 |
|a Бетехтин
|b А. Г.
|
| 712 |
0 |
2 |
|a Главное геолого-гидро-геодезическое управление (ГГГГУ)
|c (1933-1935)
|2 stltpush
|3 (RuTPU)RU\TPU\col\16450
|
| 712 |
0 |
2 |
|a Центральный научно-исследовательский геологоразведочный институт (ЦНИГРИ)
|c (1931-1938)
|2 stltpush
|3 (RuTPU)RU\TPU\col\18472
|
| 801 |
|
1 |
|a RU
|b 63413507
|c 20130124
|
| 801 |
|
2 |
|a RU
|b 63413507
|c 20200818
|g RCR
|
| 942 |
|
|
|c BK
|